000 00383nam a2200157Ia 4500
001 R-866
003 CODICE-MESSINA
005 20260212102458.0
008 260211s9999 xx 000 0 und d
040 _cimportazione_messina
100 _aGiulio Andreotti
245 0 _aGli Usa Visti Da Vicino
245 0 _bDal patto atlantico a bush
260 _bRizzoli
942 _2ddc
_cBK
999 _c27358
_d27358